Normal view
MARC view
Entry Personal Name
001 - CONTROL NUMBER
- control field: 3317
003 - CONTROL NUMBER IDENTIFIER
- control field: BD-RjUL
005 - DATE AND TIME OF LATEST TRANSACTION
- control field: 20220530160702.0
008 - FIXED-LENGTH DATA ELEMENTS
- fixed length control field: 220530|| aca||aabn | a|a d
040 ## - CATALOGING SOURCE
- Original cataloging agency: BD-RjUL
- Transcribing agency: BD-RjUL
100 ## - HEADING--PERSONAL NAME
- Personal name: Howorth, Henry H.
- Fuller form of name: (Henry Hoyle),
- Titles and other words associated with a name: Sir,
- Dates associated with a name: 1842-1923
670 ## - SOURCE DATA FOUND
- Source citation: Work cat.: (BD-RjUL)79885: Howorth, Henry H. (Henry Hoyle), Sir, 1842-1923., History of the Mongols, from the 9th to the 19th century /, 2008